000 02191nam a2200349 a 4500
001 ebr10675160
003 CaPaEBR
006 m u
007 cr cn|||||||||
008 090827s2009 nyu sb 001 0 eng d
010 _z 2009035724
020 _z9781608760176 (hardcover)
020 _z9781616686604 (e-book)
040 _aCaPaEBR
_cCaPaEBR
035 _a(OCoLC)847358978
050 1 4 _aQP363.5
_b.T392 2009eb
082 0 4 _a612.6/4018
_222
100 1 _aTaupin, Philippe.
245 1 0 _aNeural stem cells and cellular therapy
_h[electronic resource] /
_cPhilippe Taupin.
260 _aHauppauge, N.Y. :
_bNova Science Publishers,
_cc2009.
300 _axxiii, 210 p.
490 1 _aStem cells--laboratory and clinical research series
504 _aIncludes bibliographical references and index.
505 0 _aNeurogenesis in the adult central nervous system -- BrdU immunohistochemistry for studying adult neurogenesis : paradigms, pitfalls, limitations, and validation -- Adult neural stem cells, neurogenic niches, and cellular therapy -- Neurogenic factors are target in depression -- Adult neurogenesis, neural stem cells, and Alzheimer's disease : developments, limitations, problems, and promises -- Adult neurogenesis pharmacology in neurological diseases, and disorders -- Adult neural stem cells : a promising candidate for regenerative therapy in the CNS -- Stem cells engineering for cell-based therapy -- Therapeutic neuronal stem cells : patents at the forefront -- Adult neural stem cells for the treatment of neuroinflammation -- Magnetic resonance imaging for monitoring neurogenesis in the adult hippocampus -- HuCNS-SC stemcells.
533 _aElectronic reproduction.
_bPalo Alto, Calif. :
_cebrary,
_d2013.
_nAvailable via World Wide Web.
_nAccess may be limited to ebrary affiliated libraries.
650 0 _aNeural stem cells.
650 0 _aDevelopmental neurobiology.
655 7 _aElectronic books.
_2local
710 2 _aebrary, Inc.
830 0 _aStem cells--laboratory and clinical research series.
856 4 0 _uhttp://site.ebrary.com/lib/rucke/Doc?id=10675160
_zAn electronic book accessible through the World Wide Web; click to view
999 _c57456
_d57456